The Friday Multiple Choice Quiz (General Knowledge) #12 - Statistics

General Stats
  • This quiz has been taken 32 times
  • The average score is 5 of 10
Answer Stats
Question Answer % Correct
What is the highest mountain in the UK? Ben Nevis
77%
Which country is most closely associated with polders? Netherlands
71%
On January 1st 2026 which country adopted the Euro as its currency? Bulgaria
68%
Whose signature appears on all banknotes issued by the Bank of England? Chief Cashier
61%
Which actor drove the bus on the children's BBC TV programme "The Double Deckers" Melvyn Hayes
48%
Complete this song title from 1957: "Gotta Have Something in the Bank..." Frank
45%
Where is St. George's Channel? Between Wales and Ireland
42%
What was one of the main reasons 2nd June 1953 was chosen for the Coronation of Queen Elizabeth? A dry, warm day was forecast
39%
Which English bowler took 46 wickets in the 1956 Ashes series? Jim Laker
35%
Which horse did Lester Piggott ride to victory in the 1970 Epsom Derby ? Nijinsky
32%
No matching quizzes found
Score Distribution
Percent of People with Each Score
Percentile by Number Answered
Your Score History
You have not taken this quiz